00469 a2200157 4500010001400000020002300014035001300037037001800050082001000068100002000078245003400098260004900132270008500181300002600266500001900292 aENG-85888 a8131301540c495.00 aEN-69421 bD.B.Act / Pub14a638.114aMahindru, S. N.1 aBeekeepingcby S. N. Mahindru aNew DelhibAPH Publishing Corporatioonc2007 a5, Ansari Road, Darya GanjbNew Delhie110 002k011- 23274050maphbooks@vsnl.net a204 p.b22 cm ( Hb.) aincludes index